Súčasné trendy v event marketingu bakalárska práca

Salvato in:
Dettagli Bibliografici
Autore principale: Iglarčíková, Sofia
Ente Autore: Obchodná fakulta EU. Katedra marketingu
Altri autori: Ožvoldová, Katarína, 1984-
Natura: Libro
Lingua:slovacco
Pubblicazione: Bratislava 2025
Tags: Aggiungi Tag
Nessun Tag, puoi essere il primo ad aggiungerne!!

MARC

LEADER 00000nbm a2200000 4500
001 0311017
005 20251031124659.8
041 0 |a slo 
044 |a SK 
245 1 0 |a Súčasné trendy v event marketingu  |b bakalárska práca  |c Sofia Iglarčíková ; školiteľ: Katarína Ožvoldová 
264 1 |a Bratislava  |c 2025 
300 |a 57 s. 
100 1 |a Iglarčíková, Sofia 
700 1 |a Ožvoldová, Katarína, 1984- 
710 2 |a Obchodná fakulta EU. Katedra marketingu